000 01590nam0a2200337 4500
001 RU\NLR\BIBL_A\011306071
005 20250626041356.0
010 _a978-5-91835-318-9
_91000
021 _aRU
_b2016-94845
_96284
035 _a(NLR Aleph) 011306071
090 _a10996819
_c10996819
100 _a20170110d2016 |||y0rusy50 ca
101 0 _aeng
102 _aRU
105 _ay z 000zy
200 1 _aEnergy law
_etextbook
_f[Romanova V. V., A. A. Ustinov, PhD, T. V. Alisova et al.]
_ged. by V. V. Romanova, Dr of Law
_gMin. of education a. science of the Russ. Federation, Federal state-funded educational inst. of higer prof. education Kutafin Moscow state law univ. (MSAL), Federal state budgetary inst. of science, Inst. of state a. law of the Russ. acad. of science
205 _a2nd ed., rev. and updated
210 _aMoscow
_cYurist
_d2016
215 _a605 с.
_d25
300 _aАвт. указаны на обороте тит. л.
320 _aБиблиогр.: с. 588-605 и в подстроч. примеч.
541 1 _aЭнергетическое право
606 1 _aЭлектроэнергетика
_xПравовое регулирование
_yРоссийская Федерация
_92464287
_3RU\NLR\AUTH\661464050
686 1 _aХ621.142
701 1 _aRomanova
_bV. V.
_gViktorija Valer'evna
_4070
_4340
701 1 _aUstinov
_bA. A.
_f1977-
_gAnton Alekseevič
701 1 _aAlisova
_bT. V.
_gTat'jana Vladimirovna
942 _cBOOK
980 _aNB